Revolución de Mayo.

Guardado en:
Formato: Deslizar
Series:DNI
Materias:
Etiquetas: Agregar Etiqueta
Sin Etiquetas, Sea el primero en etiquetar este registro!
LEADER 00781ngm a22002295g 4500
001 CEM.cems022648
008 130507b2001##################0###0#####d
005 20241113141326.0
245 0 0 |a Revolución de Mayo. 
300 |a 22'. 
490 0 |a DNI 
500 |a En soporte VHS, consultar en ventanilla. 
505 0 |a Caída de Sevilla en manos de los franceses y convocatoria del Cabildo Abierto. Primera Junta de 1810. 
538 |a Soporte: VHS - Norma: Pal N - Color: Si - Grabación DRD 2001 - Hitachi=5120 
082 9 8 |/ ATC 
653 |a ARGENTINA-HISTORIA 
653 |a REVOLUCION DE MAYO 
653 |a CABILDO 
653 |a PRIMERA JUNTA 
653 |a NIVEL PRIMARIO 
653 |a NIVEL SECUNDARIO 
859 |a CEMS  |b BIB. CEMS - Depto. Recursos Didacticos  |h 982  |i ATC  |k DRD  |p 1291.12  |t Ej.1